| 000 | 00632nam a2200205Ia 4500 | ||
|---|---|---|---|
| 003 | OSt | ||
| 005 | 20250530144149.0 | ||
| 008 | 210210b1961 xxu||||| |||| 00| 0 eng d | ||
| 040 | _cAL | ||
| 041 | _aKannada | ||
| 082 | _aK894.9 SHAV | ||
| 100 |
_aSHANKARANANDA SARASVATI _dಶಂಕರಾನಂದ ಸರಸ್ವತಿ _9211860 |
||
| 245 |
_aVanga sahitya parichaya _bವಂಗ ಸಾಹಿತ್ಯ ಪರಿಚಯ |
||
| 260 |
_aMaisuru _bMaisuru Vishvavidyanilaya _c1961 |
||
| 300 | _aviii,,130 | ||
| 650 |
_aBangali Kavya Gadya Nataka _9211861 |
||
| 690 |
_aKannada Criticism _9211862 |
||
| 906 | _a036231 | ||
| 942 |
_2ddc _cBK |
||
| 999 |
_c86698 _d86698 |
||